Welcome to CU Library Online Public Access Catalogue (OPAC)

School law for teachers : (Record no. 2849)

MARC details
000 -LEADER
fixed length control field 00836cam a22002174a 4500
001 - CONTROL NUMBER
control field 13935256
005 - DATE AND TIME OF LATEST TRANSACTION
control field 20250122194051.0
008 - FIXED-LENGTH DATA ELEMENTS--GENERAL INFORMATION
fixed length control field 050419s2006 njuab b 001 0 eng
020 ## - INTERNATIONAL STANDARD BOOK NUMBER
International Standard Book Number 0131192426
050 00 - LIBRARY OF CONGRESS CALL NUMBER
Classification number KF4175.Z9
Item number U53 2006
082 00 - DEWEY DECIMAL CLASSIFICATION NUMBER
Classification number 344.73/071
Edition information 22
100 1# - MAIN ENTRY--PERSONAL NAME
Personal name Underwood, Julie.
245 10 - TITLE STATEMENT
Title School law for teachers :
Remainder of title concepts and applications /
Statement of responsibility, etc. Julie Underwood, L. Dean Webb.
260 ## - PUBLICATION, DISTRIBUTION, ETC.
Place of publication, distribution, etc. Upper Saddle River, N.J. :
Name of publisher, distributor, etc. Pearson/Merrill Prentice Hall,
Date of publication, distribution, etc. c2006.
300 ## - PHYSICAL DESCRIPTION
Extent xxiii, 232 p. :
Other physical details ill., maps ;
Dimensions 24 cm.
650 #0 - SUBJECT ADDED ENTRY--TOPICAL TERM
Topical term or geographic name entry element Teachers
General subdivision Legal status, laws, etc.
Geographic subdivision United States
Form subdivision Popular works.
650 #0 - SUBJECT ADDED ENTRY--TOPICAL TERM
Topical term or geographic name entry element Educational law and legislation
Geographic subdivision United States
Form subdivision Popular works.
700 1# - ADDED ENTRY--PERSONAL NAME
Personal name Webb, L. Dean.
856 41 - ELECTRONIC LOCATION AND ACCESS
Materials specified Table of contents only
Uniform Resource Identifier <a href="http://www.loc.gov/catdir/toc/fy0613/2005047950.html">http://www.loc.gov/catdir/toc/fy0613/2005047950.html</a>
942 ## - ADDED ENTRY ELEMENTS (KOHA)
Source of classification or shelving scheme Library of Congress Classification
Koha item type Books
Suppress in OPAC No
999 ## -
-- 2849
-- 2849
Holdings
Withdrawn status Lost status Source of classification or shelving scheme Damaged status Not for loan Collection Home library Current library Shelving location Date acquired Total checkouts Full call number Barcode Date last seen Copy number Price effective from Koha item type
    Library of Congress Classification     Non-fiction Law Library (Christ Temple) Law Library (Christ Temple) General stacks 01/22/2025   KF4175.Z9.U53 UND LLCT00000271 01/22/2025 1 01/22/2025 Books
© 2023-2024 Copyright: Central University Libraries. All Rights Reserved | Created by: Mahone Tech Office